000 00410nam a2200133Ia 4500
008 100328s9999 xx 000 0 und d
082 _b17418
100 _aचोपडा सुदर्शन
245 _aहत्यारे प्रेमी
260 _bचौारी
630 _aहत्यारे प्रेमी
730 _aहत्यारे प्रेमी
942 _cBOOK
999 _c511994
_d511991